Kim Bình Mai : Tiểu thuyết
Tác phẩm đi sâu khắc họa cuộc sống hưởng lạc đồi trụy của đám quan lại, thổ hào giàu tiền của, đầy quyền thế mà điển hình là Tây Môn Khánh, vẽ nên một cách khái quát và sinh động bức tranh xã hội đen tối thời đó....
Saved in:
| Main Author: | |
|---|---|
| Format: | Book |
| Language: | Undetermined |
| Published: |
Hà Nội
Lao động
2010
|
| Subjects: | |
| Tags: |
Add Tag
No Tags, Be the first to tag this record!
|
| Institutions: | Trung tâm Học liệu Trường Đại học Cần Thơ |
|---|
| LEADER | 01020nam a2200217Ia 4500 | ||
|---|---|---|---|
| 001 | CTU_176384 | ||
| 008 | 210402s9999 xx 000 0 und d | ||
| 020 | |c 120000 | ||
| 082 | |a 895.13 | ||
| 082 | |b S312/T.2 | ||
| 100 | |a Tiếu, Tiếu Sinh | ||
| 245 | 0 | |a Kim Bình Mai : | |
| 245 | 0 | |b Tiểu thuyết | |
| 245 | 0 | |c Tiếu Tiếu Sinh ; Phan Văn Các (Giới thiệu) | |
| 260 | |a Hà Nội | ||
| 260 | |b Lao động | ||
| 260 | |c 2010 | ||
| 520 | |a Tác phẩm đi sâu khắc họa cuộc sống hưởng lạc đồi trụy của đám quan lại, thổ hào giàu tiền của, đầy quyền thế mà điển hình là Tây Môn Khánh, vẽ nên một cách khái quát và sinh động bức tranh xã hội đen tối thời đó. | ||
| 650 | |a Văn học Trung Quốc,Chinese fiction,Chinese literature,Tiểu thuyết Trung Quốc | ||
| 904 | |i Năm | ||
| 980 | |a Trung tâm Học liệu Trường Đại học Cần Thơ | ||